Statistiques concernant Les plus grandes villes du Massif Central sur une carte

Cliquez ici pour prendre le quiz!

Statistiques générales

  • Ce quiz a été pris 427 fois
  • Le résultat moyen est 13 sur 25

Réponses sur la Carte

Les réponses sont colorées sur une échelle allant du rouge au vert en fonction du pourcentage des utilisateurs qui les ont devinées à leur premier essai. Vous pouvez retrouver ces pourcentages ci-dessous.
 

Statistiques - réponses

PopulationUnité urbaine% Correct
268 696Clermont-Ferrand
97%
373 927Saint-Etienne
84%
32 921Aurillac
74%
38 345Le-Puy-en-Velay
73%
47 593Rodez
69%
187 364Limoges
68%
21 889Tulle
67%
64 124Vichy
64%
75 956Brive-la-Gaillarde
63%
14 197Guéret
59%
23 700Millau
59%
79 928Roanne
59%
14 715Privas
58%
53 965Montluçon
51%
33 691Riom
51%
15 710Issoire
46%
13 979Thiers
42%
56 755Castres
40%
41 440Aubenas
35%
27 133Annonay
33%
23 271Montbrison
31%
24 683Mazamet
22%
17 201Tarare
17%
14 296Decazeville
14%
62 198Saint-Just-Saint-Rambert
11%

Distribution des résultats

Percentile par nombre de réponses

% des personnes avec chaque résultat

Votre développement - résultats

Vous n’avez pas pris ce quiz